<?xml version="1.0" encoding="UTF-8"?>
<marc:record xmlns:marc="http://www.loc.gov/MARC21/slim">
   <marc:leader>00000nam a2200000 a 4500</marc:leader>
   <marc:datafield ind1="1" ind2=" " tag="100">
      <marc:subfield code="a">Ouimet, Daniel</marc:subfield>
      <marc:subfield code="4">aut</marc:subfield>
      <marc:subfield code="e">Verfasser/-in</marc:subfield>
   </marc:datafield>
   <marc:datafield ind1="1" ind2=" " tag="100">
      <marc:subfield code="a">Puch, Thomas</marc:subfield>
      <marc:subfield code="4">ctb</marc:subfield>
      <marc:subfield code="e">Mitwirkende/-r</marc:subfield>
   </marc:datafield>
   <marc:datafield ind1="1" ind2=" " tag="100">
      <marc:subfield code="a">Narrath, Markus</marc:subfield>
      <marc:subfield code="4">trl</marc:subfield>
      <marc:subfield code="e">Übersetzer/-in</marc:subfield>
   </marc:datafield>
   <marc:datafield ind1=" " ind2=" " tag="653">
      <marc:subfield code="a">Bildliche Darstellung</marc:subfield>
   </marc:datafield>
   <marc:datafield ind1=" " ind2=" " tag="653">
      <marc:subfield code="a">Weinland</marc:subfield>
   </marc:datafield>
   <marc:datafield ind1=" " ind2=" " tag="653">
      <marc:subfield code="a">Softcover / Reisen/Bildbände/Europa</marc:subfield>
   </marc:datafield>
   <marc:datafield ind1="0" ind2="0" tag="245">
      <marc:subfield code="a">Auf Bilderjagd im Weinland</marc:subfield>
   </marc:datafield>
   <marc:datafield ind1="0" ind2="0" tag="245">
      <marc:subfield code="b">ein Bilderbuch ; [Naturpark Südsteirisches Weinland] = Image hunting in wine country</marc:subfield>
   </marc:datafield>
   <marc:datafield ind1="0" ind2="0" tag="245">
      <marc:subfield code="c">von Daniel Ouimet. [Text Thomas Puch ; Ouimet Olivier</marc:subfield>
   </marc:datafield>
   <marc:datafield ind1=" " ind2="1" tag="264">
      <marc:subfield code="a">Kaindorf an der Sulm, Austria</marc:subfield>
      <marc:subfield code="b">Kodiak Média</marc:subfield>
   </marc:datafield>
   <marc:datafield ind1="1" ind2=" " tag="520">
      <marc:subfield code="a">Angaben aus der Verlagsmeldung

Auf Bilderjagd im Weinland / Image Hunting in Wine Country / Chasse d'image dans les vignobles / von Daniel Ouimet, Bénédict Ouimet, Ouimet Olivier

Die Sammlung an Fotos, die in diesem Werk zusammengetragen worden ist, repräsentiert ein sehr persönliches Projekt des Fotografen. Sie beinhaltet seine Eindrücke von unserer Gegend.
Der Künstler hat sich mit großer Sensibilität und Offenheit auf dieses Abenteuer eingelassen.
Niemand hätte vermutet, dass er sich mit einer solchen Vielfalt an Themen beschäftigen würde.
Es ist erstaunlich, wie die Bildersammlung von Tag zu Tag anwuchs.
Durch die Zusammensetzung, die Farbwiedergabe und die Poesie in den Bildern. demonstriert Daniel Ouimet sein großes Können als Bilderjäger.
Mag. Thomas Puch
</marc:subfield>
   </marc:datafield>
   <marc:datafield ind1=" " ind2=" " tag="020">
      <marc:subfield code="a">9783200025967</marc:subfield>
      <marc:subfield code="9">9783200025967</marc:subfield>
   </marc:datafield>
   <marc:datafield ind1=" " ind2=" " tag="041">
      <marc:subfield code="a">ger</marc:subfield>
   </marc:datafield>
   <marc:datafield ind1=" " ind2=" " tag="300">
      <marc:subfield code="a">V, 299 S.</marc:subfield>
   </marc:datafield>
</marc:record>
